Periodic Table Elements Starting With L - Statistics

General Stats
  • This quiz has been taken 41 times
  • The average score is 9 of 12
Answer Stats
Answer % Correct
Li
100%
Lithium
94%
La
88%
Lr
84%
Lu
81%
Lawrencium
72%
Lv
72%
Lanthanum
59%
Lead
59%
Livermorium
59%
Pb
56%
Lutetium
53%
No matching quizzes found
Score Distribution
Percent of People with Each Score
Percentile by Number Answered
Your Score History
You have not taken this quiz